| 000 | 01068nam a22002657a 4500 | ||
|---|---|---|---|
| 001 | 9526 | ||
| 003 | FISKH | ||
| 005 | 20260119104003.0 | ||
| 008 | 260119b cb ||||| |||| 00| 0 eng d | ||
| 020 | _a9781416933816 | ||
| 040 |
_aFISKH _beng _cFISKH _dFISKH |
||
| 050 | _aPZ7 | ||
| 082 | _a652.8 | ||
| 100 | _aWeber, Jen Funk | ||
| 245 |
_aNancy Drew still sleuthing! / _cby Jen Funk Weber |
||
| 260 |
_aNew York : _bSimon Scribbles, _c2007. |
||
| 300 |
_a63 pages : _billustrations ; _c20 cm |
||
| 505 | _aP | ||
| 520 | _aNancy Drew fans are transformed into super sleuths as they break codes,solve mystery puzzles, follow notes to case their neighborhood, and spyon unusual suspects in this new series of Nancy Drew Activity Books. With64 pages of activities, and a collectible charm necklace, Nancy Drew fanswill have hours entertainment and be on their way to becoming stylish,top-notch detectives. | ||
| 521 | 8 |
_a620
_bLexile estimate |
|
| 521 | 8 |
_aP
_bRaz-Plus |
|
| 650 |
_aChapter Book _vChildren |
||
| 942 |
_2ddc _cBK _n0 |
||
| 999 |
_c9526 _d9526 |
||